Państwa używające euro - Statystyki

Ogólne statystyki
  • Ten quiz został rozwiązany 36 razy
  • Średni wynik to 17 z 20
Statystyki odpowiedzi
Państwo % Poprawnych
Niemcy
100%
Francja
96%
Portugalia
96%
Belgia
93%
Chorwacja
93%
Holandia
93%
Włochy
93%
Hiszpania
89%
Austria
86%
Estonia
82%
Finlandia
82%
Grecja
82%
Litwa
82%
Łotwa
82%
Luksemburg
79%
Słowenia
79%
Słowacja
75%
Irlandia
71%
Malta
57%
Cypr
50%
Nie znaleziono quizów pasujących do podanych kryteriów
Rozkład punktacji
Procent ludzi z każdym wynikiem
Percentyl według liczby udzielonych odpowiedzi
Twoja historia wyników
Nie rozwiązałeś tego quizu